000 00431nam a22001457a 4500
005 20151229102542.0
008 151229b xxu||||| |||| 00| 0 eng d
040 _cPK-LaUMT
082 _aMSC 297.8
_bHAS-M
100 _aحسن ابراہیم حسن
245 _aمسلمانوں کی سیاسی تاریخ
_cحسن ابراہیم حسن
260 _aلاہور
_bمجلس ترقی ادب
_c2010
300 _a493 ص
942 _cBK
999 _c81154
_d81154